LEADER 01107nam0 22003013i 450 001 LIA0089530 005 20231121125511.0 100 $a20160429d1959 ||||0itac50 ba 101 | $aita 102 $ait 181 1$6z01$ai $bxxxe 182 1$6z01$an 200 1 $aAlessandro Manzoni$fAttilio Momigliano 205 $a5. ed. interamente riv. e parzialmente rifatta 210 $aMilano$aMessina$cG. Principato$dstampa1959 215 $aXII, 273 p.$d21 cm. 606 $aManzoni, Alessandro <1785-1873>$2FIR$3CFIC228759$9N 676 $a850.7$9Letteratura italiana. 1814-1859. (19. Sec.)$v22 700 1$aMomigliano$b, Attilio$3CFIV059990$4070$0179507 790 1$aFlores$b, Giorgio$3NAPV202400$zMomigliano, Attilio 801 3$aIT$bIT-01$c20160429 850 $aIT-FR0017 899 $aBiblioteca umanistica Giorgio Aprea$bFR0017 $eN 912 $aLIA0089530 950 0$aBiblioteca umanistica Giorgio Aprea$d 52MAG 6/432$e 52SBA0000201605 VMN RS $fA $h20160502$i20160502 977 $a 52 996 $aAlessandro Manzoni$9144163 997 $aUNICAS